00568nam a2200181Ia 4500003000400000005001700004008004100021020001500062040001800077041000800095082002100103100002500124245011600149250001200265260005600277300002400333700002900357OSt20250110155816.0210716s1984 xx 000 0 und d a0030718562 cAIMIT LIBRARY aeng a808.83 21bLEWA aLewis, Alfred Allan. aEvidence never lies:bcasebook of a modern sherlock holmes /cBy Alfred Allan Lewis and Herbert Leon MacDonell. a1st ed. aNew York :bHolt, Rinehart and winston Inc ;c1984. a258p. ;bPBc21 cm. aMacDonell, Herbert Leon.